Accounting: Real World Application & Connection (Record no. 5915)

MARC details
005 - DATE AND TIME OF LATEST TRANSACTION
control field 20250628090356.0
020 ## - INTERNATIONAL STANDARD BOOK NUMBER
International Standard Book Number 0-02-6444038-5
082 ## - DEWEY DECIMAL CLASSIFICATION NUMBER
Classification number 657 GLE
100 ## - MAIN ENTRY--PERSONAL NAME
Author name GLENCOE
245 ## - TITLE STATEMENT
Title Accounting: Real World Application & Connection
250 ## - EDITION STATEMENT
Edition statement 4th Ed.
260 ## - PUBLICATION, DISTRIBUTION, ETC.
Place of publication, distribution, etc. New York,
Name of publisher, distributor, etc. McGraw Hill,
300 ## - PHYSICAL DESCRIPTION
Extent V, 55p.;
942 ## - ADDED ENTRY ELEMENTS (KOHA)
Source of classification or shelving scheme Dewey Decimal Classification
Koha item type Books
Holdings
Date last seen Total checkouts Full call number Barcode Cost, replacement price Price effective from Koha item type Lost status Source of classification or shelving scheme Damaged status Not for loan Withdrawn status Home library Current library Shelving location Date acquired Cost, normal purchase price
06/28/2025   657 GLE DOM000445 30000.00 06/28/2025 Books   Dewey Decimal Classification       CBE Dodoma CBE Dodoma General Collection 06/03/2015 10000.00